000 00661nam a2200193Ia 4500
005 20250508152033.0
008 008 250505s9999 xx 000 0 eng d
037 _aTextual
040 _aFEDL
_beng
_cFEDL
041 _aeng
_2eng
084 _a379.11, NOR
_qFEDL
100 _aNorton John K
_9758750
245 0 _aInventory of public school expenditures in the United States: A report of the cooperative study of public school expenditures. Vol 1
260 _aWashington, USA
_bAmerican Council on Education
_c1944
300 _axx,198p.
700 _a Lawler Eugene S
_9760613
942 _cTEXL
_h379.11, NOR
999 _c1333828
_d1333828